Die letzten 15 Trainer von Arminia Bielefeld - Statistiken

Allgemein
  • Dieses Quiz wurde 30 mal gespielt
  • Das Durchschnittsergebnis liegt bei 7 aus 15
Antwortstatistiken
Zeitraum Trainer % Korrekt
seit 2023 Mitch Kniat
81%
2018-2021 Uwe Neuhaus
81%
2021-2022 Frank Kramer
77%
2011-2014 Stefan Krämer
77%
2023 Uwe Koschinat
62%
2014-2016 Norbert Meier
54%
2022 Uli Forte
54%
2022-2023 Daniel Scherning
50%
2017-2018 Jeff Saibene
42%
2022, Interim Marco Kostmann
38%
2016, Interim Carsten Rump
23%
2016 Rüdiger Rehm
23%
2010-2011 Ewald Lienen
12%
2016-2017 Jürgen Krammy
12%
2011 Markus von Ahlen
12%
Keine übereinstimmenden Quizze gefunden
Verteilung der Resultate
Anzahl Personen mit jedem Resultat
Perzentil nach korrekt beantworteten Fragen
Ihre Resultats-Entwicklung
Sie haben dieses Quiz noch nicht gespielt